Architecture studio : (Record no. 1885)

MARC details
000 -LEADER
fixed length control field 01066nac a22002651u 4500
003 - CONTROL NUMBER IDENTIFIER
control field EG-ScBUE
005 - DATE AND TIME OF LATEST TRANSACTION
control field 20221016114627.0
008 - FIXED-LENGTH DATA ELEMENTS--GENERAL INFORMATION
fixed length control field 221016s1996 vraa f b 001 0 eng d
020 ## - INTERNATIONAL STANDARD BOOK NUMBER
International Standard Book Number 1875498397
040 ## - CATALOGING SOURCE
Original cataloging agency EG-ScBUE
Language of cataloging eng
Description conventions rda
Transcribing agency EG-ScBUE
Modifying agency EG-ScBUE
082 04 - DEWEY DECIMAL CLASSIFICATION NUMBER
Classification number 720.92
Item number ARC
Edition number 22
245 00 - TITLE STATEMENT
Title Architecture studio :
Remainder of title selected and current works /
Statement of responsibility, etc introductions by Masayuki Fuchigami and Mario Pisani ; [edited by Patricia Sellar].
264 #1 - PUBLICATION, DISTRIBUTION, ETC. (IMPRINT)
Place of publication, distribution, etc Mulgrave, Victoria :
Name of publisher, distributor, etc Images Publication Group,
Date of publication, distribution, etc 1996.
300 ## - PHYSICAL DESCRIPTION
Extent 256 pages :
Other physical details illustrations (chiefly color) ;
Dimensions 31 cm.
490 0# - SERIES STATEMENT
Series statement The master architect series ;
Volume number/sequential designation ii
504 ## - BIBLIOGRAPHY, ETC. NOTE
Bibliography, etc Includes bibliographical references and index.
610 27 - SUBJECT ADDED ENTRY--CORPORATE NAME
Corporate name or jurisdiction name as entry element Architecture studio (Group : Paris, France)
Source of heading or term BUEsh
650 #7 - SUBJECT ADDED ENTRY--TOPICAL TERM
Topical term or geographic name as entry element Architecture
Geographic subdivision France
-- Paris
Chronological subdivision 20th century.
Source of heading or term BUEsh
653 ## - INDEX TERM--UNCONTROLLED
Resource For college Engineering, Architecture
655 ## - INDEX TERM--GENRE/FORM
Form subdivision Reading book
700 1# - ADDED ENTRY--PERSONAL NAME
Personal name Sellar, Patricia,
Relator term editor.
700 1# - ADDED ENTRY--PERSONAL NAME
Personal name Fuchigami, Masayuki,
Relator term author of introduction, etc.
700 1# - ADDED ENTRY--PERSONAL NAME
Personal name Pisani, Mario,‏
Dates associated with a name 1947-
Relator term author of introduction, etc.
942 ## - ADDED ENTRY ELEMENTS (KOHA)
Koha item type Book - Borrowing
Source of classification or shelving scheme Dewey Decimal Classification
Holdings
Withdrawn status Lost status Source of classification or shelving scheme Damaged status Not for loan Collection code Home library Current library Shelving location Date acquired Source of acquisition Cost, normal purchase price Total Checkouts Full call number Barcode Date last seen Date checked out Cost, replacement price Price effective from Koha item type Serial Enumeration / chronology
    Dewey Decimal Classification       Central Library Central Library Second Floor 04/02/2007   399.00 4 720.92 ARC 000002350 15/07/2025 13/12/2009 498.75 04/02/2007 Book - Borrowing  
    Dewey Decimal Classification     Alahram Central Library Central Library Second Floor 10/02/2009   399.00   720.92 ARC 000014655 15/07/2025     10/02/2009 NB - Book (Non borrowing) 06392